000 01107nam a22003377a 4500
003 CHAP
005 20220329140426.0
008 971013s1980 r 00010 d
010 _a51764
011 _a52736
035 _a56886
040 _cCHAP
090 _aTesis
100 0 0 _aFernández Rivera, Marcial.
_940281
245 _aSelección mazorca por surco para rendimiento y precocidad en maíz de temporal
260 _aChapingo, Méx. :
_bEl autor,
_c1980
300 _a128 h.
502 _aTesis (Ing. Agr. Esp. en Fitotecnia) -- UACH. Departamento de Fitotecnia
590 _aALEPH
_b10
_c20130110
_lUCH01
_h1328
590 _aBATCH-UPD
_b10
_c20130110
_lUCH01
_h0546
590 _aBATCH-UPD
_b10
_c20130410
_lUCH01
_h0227
590 _aBATCH-UPD
_b10
_c20130913
_lUCH01
_h2147
590 _aCONVERSION
_b10
_c20130109
_lUCH01
_h1328
650 1 4 _aAgricultura de temporal.
_91999
650 1 4 _aMaíz
_xGenética.
_970963
650 1 4 _aMaíz
_xRendimiento.
_971051
901 _aBK
942 _cFOLL
949 _bBC
_cTES
_d-124034
_eTS1
_i56886
_si
949 _bBC
_cTES
_d-124036
_eTS2
_fc.2
_i56886
_si
999 _c51764
_d51764